| 000 | 00823nam a22002177a 4500 | ||
|---|---|---|---|
| 999 |
_c19378 _d19378 |
||
| 008 | 240227b ||||| |||| 00| 0 eng d | ||
| 020 | _a9781119654063 | ||
| 082 |
_aDC 629.2293 _bZ612 2023 |
||
| 100 |
_aZhang, Zhen. _953420 |
||
| 245 |
_aWireless power transfer : _bprinciples and applications / _cZhen Zhang and Hongliang Pang. |
||
| 260 |
_aCanada : _bJohn Wiley & Sons, Inc., _c©2023. |
||
| 300 |
_axix, 365 pages : _billustrations ; _c24 cm. |
||
| 500 | _aIncludes references and index. | ||
| 650 |
_aBattery chargers. _953476 |
||
| 650 |
_aWireless power transmission. _953477 |
||
| 650 |
_aElectromagnetic induction. _953478 |
||
| 650 |
_aElectric power supplies to apparatus. _953479 |
||
| 650 |
_aElectric power supplies to apparatus. _953479 |
||
| 700 |
_aPang, Hongliang. _eauthor. _953421 |
||
| 942 |
_2ddc _cDC |
||